Statistiche per L'Italia dalla a-z

Clicka qui per fare il quiz!

Statistiche generali

  • Questo quiz è stato fatto 290 volte
  • Il punteggio medio è 16 su 26

Statistiche sulle risposte

DomandaRisposta% Corretto
Il Genovese che scoprì l'AmericaCColombo
99%
Stato che confina a Nord con l'ItaliaAAustria
98%
Capoluogo della CampaniaNNapoli
91%
Capitale d'ItaliaRRoma
91%
Squadra di calcio con più scudetti vintiJJuventus
90%
Provincia della LombardiaBBergamo
88%
Scrisse l'inno nazionale italianoMMameli
88%
Il nome del cantante DallaLLucio
87%
Regione a statuto speciale del nordTTrentino Alto Adige
87%
Prodotto della Loacker più conosciutoWWafer
79%
Famoso tempio circolare nella capitalePPantheon
75%
Regione del Nord-Est che è stata ceduta ai SerbiDDalmazia
74%
Fabio ____________ giocatore della SampdoriaQQuagliarella
67%
Azienda dolciaria dell'Emilia RomagnaFFerrero
65%
Grandissimo poeta esponente dell'ermetismoUUngaretti
64%
Famosi colli venetiEEuganei
60%
Alimento famoso in tutto il mondo inventato in ItaliaGGelato
55%
Isole di fronte alla costiera AmalfitanaIIschia
55%
Fiume lombardoOOglio
38%
Famoso youtuber italianoYYotobi
34%
Biscotti del Piemonte a forma di baffi di Vittorio Emanuele IIKKrumiri
24%
Completa: ____ alla NormaSSugo
23%
Serse in latinoXXerxes
19%
Unico comune italiano che inizia con la h (in Val d'Aosta)HHone
14%
Meta turistica delle AlpiVValtellina
12%
Azienda che produce carrozzerie per automobiliZZagato
6%

Distribuzione punteggi

Percentile per numero di risposta

Percentuale di utenti per punteggio

I tuoi punteggi nel tempo

Non hai fatto questo quiz